Λαογραφικά Λάρδου της Ρόδου

Αποθηκεύτηκε σε:
Λεπτομέρειες βιβλιογραφικής εγγραφής
Κύριος συγγραφέας: Λουκαράς, Παναγιώτης Σ.
Μορφή: Βιβλίο
Γλώσσα:Greek
Δημοσίευση: Ρόδος : [χ.ό.], 2007.
Θέματα:
Ετικέτες: Προσθήκη ετικέτας
Δεν υπάρχουν, Καταχωρήστε ετικέτα πρώτοι!

MARC

LEADER 00000cam a2200000 i 4500
001 1/73270
008 080204s2007 gr | ||| |||| ||gre||
035 |l 10094354 
040 |a GR-MyUa  |b gre  |e AACR2 
041 0 |a gre 
082 7 |a 398.09495   |2 (22) 
100 1 |a Λουκαράς, Παναγιώτης Σ. 
245 1 0 |a Λαογραφικά Λάρδου της Ρόδου /   |c Παναγιώτης Σ. Λουκαράς.  
260 |a Ρόδος :   |b [χ.ό.],   |c 2007.  
300 |a 100 σ. :   |b φωτ. ;   |c 24 εκ.  
650 0 |a Folklore  |z Greece  |z Rhodes (Island) 
651 0 |a Rhodes (Greece : Island)  |x Social life and customs. 
852 |a INST  |b RHODES  |e 20080204  |h 398.09495 ΛΟΥ  |p 005400030085  |q 005400030085  |t BK  |y 0 
901 |a BIBL4-2008-1 
970 |a ΧΑΡΙΟΠΟΛΙΤΟΥ  |b ΚΩΝΣΤΑΝΤΙΝΑ  |z 2008/02/04